Music Quiz

Random Music or Song Quiz

10 to 1: Classic Rock Songs Quiz Stats

 Plays Quiz Updated Mar 11, 2016

Challenge
Share
Tweet
Embed
Score 0/55 Timer 06:00
6 Plays Today
% Correct
A Hard Day's Night
95.2%
Eleanor Rigby
92.5%
Can't Buy Me Love
91.7%
Hotel California
90.1%
Ob-La-Di, Ob-La-Da
85.6%
Light My Fire
83.7%
I Saw Her Standing There
82.7%
Dude (Looks Like a Lady)
82.3%
A Day in the Life
82.2%
Walk This Way
81.7%
Pinball Wizard
80.4%
Sweet Home Alabama
80.4%
While My Guitar Gently Weeps
80.2%
My Generation
80.1%
Break On Through (To the Other Side)
80.1%
Go Your Own Way
79.5%
Baba O'Riley
79.1%
Desperado
79%
Riders on the Storm
78.4%
Who Are You
78.1%
Take It Easy
77.1%
Free Bird
75.4%
Won't Get Fooled Again
75%
Janie's Got a Gun
74.2%
Good Day Sunshine
73.9%
Life in the Fast Lane
72.5%
L.A. Woman
72.1%
People Are Strange
71.8%
% Correct
Take It to the Limit
71%
Sweet Emotion
71%
Hello, I Love You
69.4%
Lyin' Eyes
68.8%
Peaceful Easy Feeling
68.3%
One of These Nights
67.7%
Dreams
67.4%
Tom Sawyer
65.3%
Landslide
65.1%
Love Me Two Times
65.1%
Sunshine of Your Love
64.4%
I Can See for Miles
62.4%
I'll Follow the Sun
60.4%
White Room
59%
Best of My Love
57.2%
Tusk
55.7%
Gold Dust Woman
53.6%
Roadhouse Blues
51.3%
Truckin'
49.1%
Fly by Night
47.6%
Love, Reign O'er Me
46.9%
Limelight
46.7%
Closer to the Heart
45.6%
Second Hand News
43.3%
Strange Brew
43.2%
Train Kept A-Rollin'
38.5%
The Night Before
37.1%

You're not logged in!

Compare scores with friends on all Sporcle quizzes.
Join for Free
OR
Log In

You Might Also Like...

Show Comments

Extras

Top Quizzes Today


Score Distribution

Your Account Isn't Verified!

In order to create a playlist on Sporcle, you need to verify the email address you used during registration. Go to your Sporcle Settings to finish the process.

Report this User

Report this user for behavior that violates our Community Guidelines.

Details: